Countries that don't practice a major religion - Statistics

General Stats
  • This quiz has been taken 72 times
  • The average score is 4 of 5
Answer Stats
Country Largest religion % Correct
Japan Shintoism
95%
China Folk religion
89%
Taiwan Folk religion (taoism)
76%
Vietnam Folk religion
59%
North Korea Folk religion (shamanism)
46%
No matching quizzes found
Score Distribution
Percent of People with Each Score
Percentile by Number Answered
Your Score History
You have not taken this quiz